[Event "Internet Section 06A g/8'+2\""]
[Site "Dos Hermanas"]
[Date "2004.03.06"]
[Round "3"]
[White "Fathulla, Mustapha"]
[Black "Suarez Trejo, Javier"]
[Result "0-1"]
[WhiteElo "1424"]
[BlackElo "1595"]
[PlyCount "52"]
[EventDate "2004.03.06"]
[EventType "swiss (blitz)"]
[EventRounds "9"]
[EventCountry "ESP"]
[SourceTitle "CBM 099 Extra"]
[Source "ChessBase"]
[SourceDate "2004.05.04"]
[SourceVersion "1"]
[SourceVersionDate "2004.05.04"]
[SourceQuality "1"]

1. e4 c5 2. e5 Nc6 3. Bc4 d6 4. Nf3 dxe5 5. Qe2 Bg4 6. 0-0 Nd4 7. Qxe5 Nxf3+ 8. gxf3 Bxf3 9. Bxf7+ Kxf7 10. Qf4+ Nf6 11. Qxf3 Qc7 12. d3 h6 13. Nc3 e6 14. Nb5 Qb6 15. Nd6+ Bxd6 16. Bf4 Bxf4 17. Qxf4 Rhe8 18. Rae1 Rac8 19. b3 Qc7 20. Qf3 Kf8 21. Re4 Qc6 22. Rfe1 Kg8 23. Rf4 Qxf3 24. Rxf3 Rc6 25. Re5 Nd7 26. Rg3 Nxe5 0-1

[Event "Internet Section 06A g/8'+2\""]
[Site "Dos Hermanas"]
[Date "2004.03.06"]
[Round "2"]
[White "Muse, Alan George"]
[Black "Fathulla, Mustapha"]
[Result "1-0"]
[WhiteElo "1553"]
[BlackElo "1476"]
[PlyCount "101"]
[EventDate "2004.03.06"]
[EventType "swiss (blitz)"]
[EventRounds "9"]
[EventCountry "ESP"]
[SourceTitle "CBM 099 Extra"]
[Source "ChessBase"]
[SourceDate "2004.05.04"]
[SourceVersion "1"]
[SourceVersionDate "2004.05.04"]
[SourceQuality "1"]

1. d4 d5 2. c4 e6 3. Nc3 Bb4 4. Nf3 Nf6 5. Bg5 0-0 6. a3 Bxc3+ 7. bxc3 Qe8 8. Qc2 Ne4 9. Bh4 f5 10. e3 Qh5 11. Be2 Nc6 12. 0-0 g5 13. Bg3 g4 14. Ne5 Nxe5 15. Bxe5 Ng5 16. Bxc7 Qh4 17. Bg3 Qh5 18. f4 Ne4 19. Bd3 Nxg3 20. hxg3 Rf6 21. Kf2 Bd7 22. Rh1 Qg6 23. Rh4 e5 24. Rah1 Rf7 25. Rh5 e4 26. Rg5 exd3 27. Qxd3 Qxg5 28. fxg5 Rg7 29. cxd5 Rxg5 30. d6 Re8 31. Qc4+ Kh8 32. Qf7 Rg7 33. Qf6 b5 34. Rh6 Reg8 35. Qe5 a6 36. e4 f4 37. gxf4 g3+ 38. Kg1 Re8 39. Qd5 Rg4 40. e5 Rxf4 41. e6 Bc8 42. Qe5+ Kg8 43. Qg5+ Kh8 44. Qxf4 Bxe6 45. Qe5+ Kg8 46. Rxe6 Rxe6 47. Qxe6+ Kg7 48. d7 h5 49. d8Q h4 50. Qdd7+ Kh8 51. Qee8# 1-0